[Event "VIE-ch"]
[Site "Ha Tien"]
[Date "2023.09.16"]
[Round "8"]
[White "Lam, Duc Hai Nam"]
[Black "Huynh, Le Minh Hoang"]
[Result "1/2-1/2"]
[WhiteElo "1546"]
[BlackElo "1584"]
[PlyCount "39"]
[EventDate "2023.09.13"]
[EventType "swiss"]
[EventRounds "9"]
[EventCountry "VIE"]
[SourceTitle "EXT 2024"]
[Source "ChessBase"]
[SourceDate "2023.10.10"]
[SourceVersion "1"]
[SourceVersionDate "2023.10.10"]
[SourceQuality "1"]

1. d4 d5 2. Nf3 Nf6 3. Bg5 e6 4. Nbd2 Be7 5. e3 c5 6. c3 Nbd7 7. Bd3 h6 8. Bh4 b6 9. Qe2 Bb7 10. 0-0 0-0 11. Rfe1 Ne4 12. Bxe7 Qxe7 13. Nf1 e5 14. dxe5 Nxe5 15. Bxe4 dxe4 16. Nxe5 Qxe5 17. Red1 Rfd8 18. Ng3 Qg5 19. Rxd8+ Rxd8 20. Rd1 1/2-1/2

[Event "VIE-chT"]
[Site "Hanoi"]
[Date "2023.04.23"]
[Round "9"]
[White "Nguyen, Anh Huy1111"]
[Black "Lam, Duc Hai Nam"]
[Result "1/2-1/2"]
[WhiteElo "1812"]
[BlackElo "1396"]
[PlyCount "154"]
[EventDate "2023.04.18"]
[EventType "swiss"]
[EventRounds "9"]
[EventCountry "VIE"]
[SourceTitle "EXT 2024"]
[Source "ChessBase"]
[SourceDate "2023.10.10"]
[SourceVersion "1"]
[SourceVersionDate "2023.10.10"]
[SourceQuality "1"]

1. c4 Nf6 2. Nc3 e6 3. g3 d5 4. Bg2 Be7 5. d3 0-0 6. cxd5 exd5 7. Bg5 Be6 8. Nf3 c6 9. 0-0 Qc8 10. Qc2 h6 11. Bf4 Na6 12. a3 Bh3 13. Rac1 Bxg2 14. Kxg2 Nc7 15. Bxc7 Qxc7 16. h3 Rad8 17. Nb5 Qb6 18. Nbd4 Rfe8 19. Rfe1 Nd7 20. Rb1 Bc5 21. e3 Bf8 22. b4 Rc8 23. Nb3 Qa6 24. Nc5 Nxc5 25. bxc5 b6 26. cxb6 axb6 27. a4 c5 28. Qb3 c4 29. Qxb6 Qxa4 30. Qb5 Qxb5 31. Rxb5 Ba3 32. Re2 Red8 33. Rc2 Be7 34. dxc4 dxc4 35. Nd2 c3 36. Ne4 Rc4 37. Kf3 g6 38. Rxc3 Rxc3 39. Nxc3 Rd7 40. Nd5 h5 41. g4 hxg4+ 42. Kxg4 Kg7 43. e4 Bd6 44. f4 Ra7 45. e5 Bf8 46. h4 Ra1 47. Rb7 Rd1 48. Rd7 Rg1+ 49. Kf3 Re1 50. Rc7 Kg8 51. h5 gxh5 52. Nf6+ Kg7 53. Nxh5+ Kg6 54. Ng3 Bh6 55. Rc6+ Kh7 56. Rf6 Bg7 57. Rxf7 Kg8 58. Rb7 Bxe5 59. fxe5 Rxe5 60. Kf4 Ra5 61. Nf5 Kf8 62. Kg5 Ra6 63. Nd4 Ke8 64. Kf5 Kd8 65. Ke5 Rh6 66. Kd5 Rf6 67. Nc6+ Ke8 68. Nd4 Kd8 69. Nb5 Ke8 70. Nd6+ Kf8 71. Ke5 Rf1 72. Nf5 Ke8 73. Rh7 Re1+ 74. Kd4 Rd1+ 75. Ke5 Kf8 76. Ke6 Re1+ 77. Kd6 Rd1+ 1/2-1/2

[Event "VIE-ch U13"]
[Site "Ho Chi Minh City"]
[Date "2022.07.13"]
[Round "4"]
[White "Nguyen, Nghia Gia An"]
[Black "Lam, Duc Hai Nam"]
[Result "1/2-1/2"]
[WhiteElo "2331"]
[BlackElo "2334"]
[PlyCount "134"]
[EventDate "2022.07.11"]
[EventType "swiss"]
[EventRounds "9"]
[EventCountry "VIE"]
[SourceTitle "EXT 2023"]
[Source "ChessBase"]
[SourceDate "2022.10.05"]
[SourceVersion "1"]
[SourceVersionDate "2022.10.05"]
[SourceQuality "1"]

1. e4 c5 2. c3 d5 3. exd5 Qxd5 4. d4 cxd4 5. cxd4 Nc6 6. Nf3 e5 7. Nc3 Bb4 8. Bd2 Bxc3 9. Bxc3 e4 10. Ne5 Nxe5 11. dxe5 Ne7 12. Qb3 Qxb3 13. axb3 0-0 14. Bb4 Re8 15. Bb5 Nc6 16. Bxc6 bxc6 17. Bc3 a6 18. Ke2 c5 19. Ke3 Be6 20. Ra3 Reb8 21. Rha1 Rb6 22. Kxe4 Bxb3 23. Ra5 c4 24. Rd5 Rg6 25. g3 Kf8 26. Bb4+ Ke8 27. Rda5 Rc6 28. Bc3 Kd7 29. f4 g6 30. Rd5+ Ke8 31. Rd6 Rxd6 32. exd6 Kd7 33. Kd5 a5 34. Re1 Re8 35. Rxe8 Kxe8 36. Kc6 Ba4+ 37. Kc7 Bd7 38. Bxa5 h5 39. Bc3 Be6 40. Be5 Bd7 41. Kb6 Be6 42. Kc6 Bd7+ 43. Kc5 Be6 44. h3 Kd7 45. f5 Bxf5 46. Kxc4 Bxh3 47. Kc5 Kc8 48. Bf6 Kb7 49. b4 Bd7 50. Bd8 Be6 51. Kd4 Kc8 52. Be7 Kd7 53. Kc5 Kc8 54. Kb6 Kb8 55. b5 Bd7 56. Kc5 Kc8 57. b6 Bh3 58. Kd5 Bg2+ 59. Ke5 Kd7 60. Kf6 Bd5 61. Bf8 Ke8 62. Bh6 Kd7 63. Bf4 Ke8 64. Ke5 Bb7 65. Kf6 Bd5 66. Kg7 Kd7 67. Kf8 f6 1/2-1/2

[Event "VIE-ch U13"]
[Site "Ho Chi Minh City"]
[Date "2022.07.12"]
[Round "3"]
[White "Lam, Duc Hai Nam"]
[Black "Tran, Ngoc Minh Duy"]
[Result "1/2-1/2"]
[WhiteElo "2334"]
[BlackElo "2345"]
[PlyCount "107"]
[EventDate "2022.07.11"]
[EventType "swiss"]
[EventRounds "9"]
[EventCountry "VIE"]
[SourceTitle "EXT 2023"]
[Source "ChessBase"]
[SourceDate "2022.10.05"]
[SourceVersion "1"]
[SourceVersionDate "2022.10.05"]
[SourceQuality "1"]

1. d4 d5 2. c4 e6 3. Nc3 c5 4. cxd5 exd5 5. Nf3 Nc6 6. Bf4 Nf6 7. e3 a6 8. h3 Be6 9. Be2 cxd4 10. Nxd4 Bc5 11. Nb3 Ba7 12. Bf3 0-0 13. Ne2 Ne4 14. 0-0 Qf6 15. Nbd4 Rac8 16. Nxc6 Rxc6 17. Nd4 Bxd4 18. Qxd4 Qxd4 19. exd4 Rc2 20. Rab1 Bf5 21. Be3 Rfc8 22. Bxe4 Bxe4 23. Rbc1 Bf5 24. Rfe1 f6 25. g4 Be6 26. Bf4 Kf7 27. Rb1 h5 28. f3 hxg4 29. hxg4 R8c4 30. Be3 Rb4 31. Rec1 Rxc1+ 32. Rxc1 Rxb2 33. Rc7+ Kg8 34. a4 Bf7 35. a5 Be8 36. Rc5 Bc6 37. Bf2 Kf7 38. Kg2 Ke6 39. f4 g6 40. Kf3 Rb3+ 41. Be3 Ra3 42. Kf2 Kd6 43. Bd2 Ra4 44. Bc3 Kc7 45. Ke3 b6 46. axb6+ Kxb6 47. Be1 Ra3+ 48. Rc3 Rxc3+ 49. Bxc3 a5 50. g5 f5 51. Kd3 Bb5+ 52. Kc2 Be2 53. Bb2 Kb5 54. Kc3 1/2-1/2

[Event "VIE-ch U13"]
[Site "Hanoi"]
[Date "2022.06.11"]
[Round "1"]
[White "Nguyen, Luong Duc"]
[Black "Lam, Duc Hai Nam"]
[Result "0-1"]
[WhiteElo "2366"]
[BlackElo "2341"]
[PlyCount "134"]
[EventDate "2022.06.11"]
[EventType "swiss"]
[EventRounds "9"]
[EventCountry "VIE"]
[SourceTitle "EXT 2023"]
[Source "ChessBase"]
[SourceDate "2022.10.05"]
[SourceVersion "1"]
[SourceVersionDate "2022.10.05"]
[SourceQuality "1"]

1. e4 c5 2. Nf3 d6 3. d4 cxd4 4. Nxd4 Nf6 5. Nc3 a6 6. h3 b5 7. a3 Bb7 8. Bd3 e6 9. Be3 Nbd7 10. 0-0 Rc8 11. Re1 Rc7 12. Qd2 Qa8 13. Nb3 Be7 14. Na5 Nxe4 15. Nxe4 Bxe4 16. Bxe4 Qxe4 17. Bd4 Qg6 18. c3 0-0 19. Rad1 d5 20. Qe3 Bf6 21. Bb6 Rcc8 22. Re2 Ne5 23. Bd4 Nc4 24. Nxc4 bxc4 25. Be5 Rc6 26. Qg3 Qxg3 27. Bxg3 Rb6 28. Rdd2 g6 29. Be5 Bxe5 30. Rxe5 f6 31. Ree2 Rfb8 32. f3 Kf7 33. Kf2 Rb5 34. Ke3 a5 35. f4 Ke7 36. Kd4 Kd6 37. g3 a4 38. g4 Re8 39. Rf2 Rbb8 40. Rde2 e5+ 41. fxe5+ fxe5+ 42. Ke3 Rf8 43. Rd2 Ke6 44. Rde2 Rxf2 45. Rxf2 Rb7 46. Rd2 Rf7 47. Rh2 e4 48. Kd4 Kd6 49. Ke3 Ke5 50. Rh1 Rf8 51. h4 h6 52. Rh3 Rf7 53. h5 g5 54. Rg3 Rf4 55. Ke2 Rf3 56. Rxf3 exf3+ 57. Kxf3 d4 58. cxd4+ Kxd4 59. Ke2 Ke4 60. Kd2 Kf4 61. Kc3 Kxg4 62. Kxc4 Kxh5 63. Kb4 g4 64. Kxa4 g3 65. b4 g2 66. Ka5 g1Q 67. a4 Qa7+ 0-1

[Event "Hanoi op 12"]
[Site "Hanoi"]
[Date "2022.??.??"]
[Round "6"]
[White "Lam, Duc Hai Nam"]
[Black "Luong, Duy Loc"]
[Result "1/2-1/2"]
[WhiteElo "1396"]
[BlackElo "1767"]
[PlyCount "130"]
[EventDate "2022.12.11"]
[EventType "swiss"]
[EventRounds "9"]
[EventCountry "VIE"]
[SourceTitle "CBM 211 Extra"]
[Source "ChessBase"]
[SourceDate "2023.01.31"]
[SourceVersion "1"]
[SourceVersionDate "2023.01.31"]
[SourceQuality "1"]

1. d4 d5 2. c4 c6 3. Nc3 Nf6 4. Nf3 a6 5. a4 a5 6. cxd5 Nxd5 7. g3 g6 8. Bg2 Bg7 9. Nxd5 Qxd5 10. 0-0 0-0 11. Ra3 Be6 12. Bd2 Qc4 13. Bc3 h6 14. Nd2 Qa6 15. Nb3 b6 16. Qc2 Ra7 17. Rd1 Rd7 18. Bf1 Qb7 19. e3 Rfd8 20. Bxa5 bxa5 21. Nc5 Qc8 22. Nxd7 Bxd7 23. Qc5 Qc7 24. b4 Bg4 25. Rc1 axb4 26. Qxb4 e5 27. dxe5 Bf8 28. Qxg4 Bxa3 29. Rc3 Bb2 30. Rb3 Bxe5 31. Bc4 Kg7 32. Qf3 Bf6 33. Qf4 Be5 34. Qf3 Rf8 35. Ra3 Qa5 36. Qe4 Nd7 37. Qxc6 Nb6 38. Qb5 Nxc4 39. Qxc4 Rd8 40. Rd3 Rxd3 41. Qxd3 Qxa4 42. Qd5 Bf6 43. Kg2 h5 44. h3 Qe8 45. Qd3 h4 46. g4 Qe5 47. Qc4 Qe6 48. Qc2 Qd5+ 49. e4 Qe5 50. Qd3 Qf4 51. Qe2 Be5 52. Kf1 Qh2 53. Qf3 Qf4 54. Qd3 Qc1+ 55. Kg2 Qc3 56. Qe2 Bd4 57. Qd1 Kf6 58. Qf1 Qb2 59. Qa6+ Bb6 60. e5+ Kxe5 61. Kh1 Qxf2 62. Qb5+ Kf6 63. g5+ Kg7 64. Qe5+ Kf8 65. Qe8+ Kxe8 1/2-1/2

[Event "Hanoi op 12"]
[Site "Hanoi"]
[Date "2022.??.??"]
[Round "2"]
[White "Nguyen, Khuong Duy"]
[Black "Lam, Duc Hai Nam"]
[Result "0-1"]
[WhiteElo "1895"]
[BlackElo "1396"]
[PlyCount "98"]
[EventDate "2022.12.11"]
[EventType "swiss"]
[EventRounds "9"]
[EventCountry "VIE"]
[SourceTitle "CBM 211 Extra"]
[Source "ChessBase"]
[SourceDate "2023.01.31"]
[SourceVersion "1"]
[SourceVersionDate "2023.01.31"]
[SourceQuality "1"]

1. e4 c5 2. Nf3 d6 3. d4 cxd4 4. Nxd4 Nf6 5. Nc3 a6 6. Be2 e6 7. Be3 Qc7 8. 0-0 b5 9. a3 Bb7 10. f3 Nbd7 11. Kh1 Be7 12. Qe1 0-0 13. Rd1 Rfd8 14. Qg3 Rac8 15. Bd3 Ne5 16. f4 Nc4 17. Bxc4 bxc4 18. e5 Ne4 19. Nxe4 Bxe4 20. c3 dxe5 21. fxe5 Rd5 22. Qf4 Bg6 23. Nf3 Rcd8 24. Rxd5 Rxd5 25. Bd4 h6 26. h3 Rb5 27. Rf2 Qb7 28. Qd2 Qe4 29. Kh2 Qd3 30. Qxd3 Bxd3 31. g3 Kf8 32. h4 Ke8 33. Kh3 f5 34. exf6 gxf6 35. Be3 h5 36. Bd4 Kd7 37. Rd2 e5 38. Be3 Ke6 39. Ng1 Rd5 40. Kg2 Be4+ 41. Kf2 Rxd2+ 42. Bxd2 Kf5 43. Be3 Kg4 44. Ne2 f5 45. a4 Bd3 46. Nc1 f4 47. gxf4 Bxh4+ 48. Kg1 exf4 49. Bc5 Bc2 0-1

[Event "VIE-ch op"]
[Site "Hanoi"]
[Date "2020.11.25"]
[Round "5"]
[White "Nguyen, Vuong Tung Lam"]
[Black "Lam, Duc Hai Nam"]
[Result "0-1"]
[WhiteElo "2319"]
[BlackElo "2317"]
[PlyCount "128"]
[EventDate "2020.11.23"]
[EventType "swiss"]
[EventRounds "9"]
[EventCountry "VIE"]
[SourceTitle "CBM 199 Extra"]
[Source "ChessBase"]
[SourceDate "2021.01.31"]
[SourceVersion "1"]
[SourceVersionDate "2021.01.31"]
[SourceQuality "1"]

1. d4 Nf6 2. Nf3 e6 3. g3 d5 4. Bg2 c5 5. 0-0 Nc6 6. c4 dxc4 7. Qa4 cxd4 8. Nxd4 Qxd4 9. Bxc6+ bxc6 10. Qxc6+ Qd7 11. Qxa8 Bc5 12. Nc3 0-0 13. Rd1 Qc7 14. Qf3 Bb7 15. e4 Nxe4 16. Nxe4 f5 17. Be3 Bxe4 18. Qe2 Bxe3 19. fxe3 Bd5 20. Rac1 Qb6 21. Qf2 Rb8 22. Rd2 Qa6 23. Qf4 Qb6 24. Rc3 Re8 25. Qd4 Qxd4 26. exd4 Rb8 27. Ra3 Rb7 28. Kf2 Kf7 29. Ke3 g5 30. Ra6 h5 31. Rf2 Kg6 32. Rd6 h4 33. Ra6 Rh7 34. gxh4 Rxh4 35. Rxa7 Re4+ 36. Kd2 Rxd4+ 37. Ke1 g4 38. Rd2 Re4+ 39. Re2 Rd4 40. Rd7 Rd3 41. a4 f4 42. Rd2 Re3+ 43. Kf2 Rf3+ 44. Kg1 g3 45. hxg3 fxg3 46. a5 Rd3 47. Rxd5 exd5 48. Rc2 Kf5 49. a6 Rd1+ 50. Kg2 Ra1 51. Kxg3 Rxa6 52. Re2 Rb6 53. Kf3 Rb3+ 54. Kf2 Kf4 55. Rd2 Ke4 56. Kf1 d4 57. Rh2 Kd3 58. Ke1 c3 59. Rh3+ Kc2 60. Rh2+ Kc1 61. bxc3 dxc3 62. Rh3 Kb2 63. Rh2+ c2 64. Rg2 Kb1 0-1

[Event "VIE-ch op"]
[Site "Hanoi"]
[Date "2020.11.23"]
[Round "2"]
[White "Vo, Pham Thien Phuc"]
[Black "Lam, Duc Hai Nam"]
[Result "1-0"]
[WhiteElo "2330"]
[BlackElo "2317"]
[PlyCount "143"]
[EventDate "2020.11.23"]
[EventType "swiss"]
[EventRounds "9"]
[EventCountry "VIE"]
[SourceTitle "CBM 199 Extra"]
[Source "ChessBase"]
[SourceDate "2021.01.31"]
[SourceVersion "1"]
[SourceVersionDate "2021.01.31"]
[SourceQuality "1"]

1. d4 Nf6 2. c4 e6 3. g3 d5 4. Nf3 dxc4 5. Bg2 c5 6. Qa4+ Bd7 7. Qxc4 b5 8. Qc2 Na6 9. 0-0 Rc8 10. Qd1 Qb6 11. Bg5 Be7 12. dxc5 Bxc5 13. Ne5 Rd8 14. Bxf6 gxf6 15. Nxd7 Rxd7 16. Qc1 Ke7 17. Nc3 Rc8 18. Qh6 Bd4 19. Rad1 Rcd8 20. e3 Bxc3 21. Rxd7+ Rxd7 22. bxc3 Qc5 23. Qxh7 Qxc3 24. h4 f5 25. e4 fxe4 26. Qxe4 Qd4 27. Qc6 Nc7 28. Qc1 Qd2 29. Qc5+ Qd6 30. Qxa7 Nd5 31. Qa5 Qc5 32. Rd1 Nc3 33. Rxd7+ Kxd7 34. Qa8 Ne2+ 35. Kf1 Nd4 36. Be4 f5 37. Qb7+ Kd6 38. Bd3 b4 39. Qa6+ Ke5 40. Qc4 Qd6 41. Be2 Kf6 42. Bd1 Qe5 43. Qc1 Qb5+ 44. Kg1 Ne2+ 45. Bxe2 Qxe2 46. Qc5 Qe1+ 47. Kg2 Qe4+ 48. f3 Qe2+ 49. Qf2 Qc4 50. Qd2 Qc3 51. Qe2 Qd4 52. Kh3 Qa1 53. Kg2 Qc3 54. g4 fxg4 55. fxg4 e5 56. Kf2 Qd4+ 57. Kf3 Qc3+ 58. Qe3 Qc6+ 59. Kg3 Qc3 60. Kf2 Qb2+ 61. Kf3 Qxa2 62. Qb6+ Kg7 63. Qxb4 Qf7+ 64. Kg3 Qc7 65. Kf3 Qc6+ 66. Kg3 Qc7 67. g5 e4+ 68. Kg4 Qe5 69. Qb7+ Kg8 70. Qc8+ Kh7 71. h5 e3 72. g6+ 1-0

[Event "VIE-chT"]
[Site "Ho Chi Minh City"]
[Date "2019.09.27"]
[Round "3.21"]
[White "Lam, Duc Hai Nam"]
[Black "Duong, Thien Chuong"]
[Result "0-1"]
[WhiteElo "1396"]
[BlackElo "1908"]
[PlyCount "62"]
[EventDate "2019.09.26"]
[EventType "team-swiss"]
[EventRounds "9"]
[EventCountry "VIE"]
[SourceTitle "EXT 2020"]
[Source "ChessBase"]
[SourceDate "2019.10.17"]
[SourceVersion "1"]
[SourceVersionDate "2019.10.17"]
[SourceQuality "1"]

1. d4 Nf6 2. c4 e6 3. a3 b6 4. Nc3 Bb7 5. Nf3 Be7 6. d5 0-0 7. e4 d6 8. Bd3 e5 9. 0-0 Bc8 10. h3 Nbd7 11. Be3 Ne8 12. b4 g6 13. Qc2 Ng7 14. Bh6 Nf6 15. Rfc1 Nfe8 16. c5 f5 17. a4 dxc5 18. bxc5 Bxc5 19. Nxe5 Bxf2+ 20. Qxf2 fxe4 21. Qd4 exd3 22. Nxd3 Nf5 23. Qf4 Nxh6 24. Qxh6 Ba6 25. Ne5 Qd6 26. Nc6 Nf6 27. Re1 Rae8 28. Qd2 Bb7 29. Nxa7 Nxd5 30. Ne4 Qe7 31. Kh1 Nf4 0-1

[Event "VIE-ch U09"]
[Site "Hai Phong"]
[Date "2018.07.12"]
[Round "8"]
[White "Nguyen, Phu Trong"]
[Black "Lam, Duc Hai Nam"]
[Result "1-0"]
[WhiteElo "1942"]
[BlackElo "1939"]
[PlyCount "113"]
[EventDate "2018.07.07"]
[EventType "swiss"]
[EventRounds "9"]
[EventCountry "VIE"]
[SourceTitle "EXT 2019"]
[Source "ChessBase"]
[SourceDate "2018.10.10"]
[SourceVersion "1"]
[SourceVersionDate "2018.10.10"]
[SourceQuality "1"]

1. e4 c5 2. Nc3 Nc6 3. g3 g6 4. Bg2 Bg7 5. Nge2 d6 6. 0-0 Nf6 7. d3 0-0 8. Be3 Rb8 9. d4 cxd4 10. Nxd4 Ne5 11. Bg5 a6 12. Bxf6 Bxf6 13. Nd5 Bg7 14. c3 Nc4 15. Qe2 Nb6 16. Rfe1 e6 17. Nxb6 Qxb6 18. Rad1 Rd8 19. Rd2 Qc7 20. Red1 b5 21. h3 Bb7 22. Kh2 Ba8 23. f4 Rb6 24. f5 Bxd4 25. Rxd4 e5 26. R4d2 Qb8 27. Qg4 Qc7 28. Qg5 Rd7 29. fxg6 fxg6 30. Rf1 Rf7 31. Rdf2 Rxf2 32. Rxf2 Rb8 33. Qf6 Re8 34. Rd2 Rd8 35. Bf3 Bb7 36. Bg4 Bc8 37. Bxc8 Qxc8 38. Rxd6 Rxd6 39. Qxd6 Qe8 40. Kg2 Kg7 41. Qd5 Qe7 42. h4 Qf6 43. Qd7+ Kh6 44. Qd2+ Kg7 45. Qg5 Qe6 46. h5 Qxa2 47. Qxe5+ Kh6 48. Qf4+ Kg7 49. h6+ Kg8 50. Qd2 Qe6 51. Qd4 Qe7 52. Qd5+ Kf8 53. e5 Qc7 54. Kf3 Ke7 55. Ke4 Qb6 56. b4 a5 57. Qd6+ 1-0

[Event "VIE-ch U09"]
[Site "Hai Phong"]
[Date "2018.07.09"]
[Round "4"]
[White "Lam, Duc Hai Nam"]
[Black "Pham, Tran Gia Phuc"]
[Result "1-0"]
[WhiteElo "1939"]
[BlackElo "1961"]
[PlyCount "65"]
[EventDate "2018.07.07"]
[EventType "swiss"]
[EventRounds "9"]
[EventCountry "VIE"]
[SourceTitle "EXT 2019"]
[Source "ChessBase"]
[SourceDate "2018.10.10"]
[SourceVersion "1"]
[SourceVersionDate "2018.10.10"]
[SourceQuality "1"]

1. e4 c5 2. Nf3 e6 3. d4 cxd4 4. Nxd4 Nc6 5. Nc3 Qc7 6. Be2 a6 7. 0-0 Nf6 8. a4 Be7 9. Be3 Na5 10. f4 d6 11. Nb3 Nxb3 12. cxb3 Bd7 13. Rc1 Bc6 14. b4 Qb8 15. Bf3 0-0 16. Qd3 Qd8 17. Rfd1 Ne8 18. b5 Bd7 19. b6 Rc8 20. a5 Bc6 21. b4 Qd7 22. Be2 Nf6 23. g4 Kh8 24. g5 Ng8 25. b5 axb5 26. Nxb5 Bxb5 27. Qxb5 Qxb5 28. Bxb5 Ra8 29. Bd2 Rac8 30. Rxc8 Rxc8 31. a6 bxa6 32. Bxa6 d5 33. Bxc8 1-0

[Event "VIE-ch U09"]
[Site "Hai Phong"]
[Date "2018.07.09"]
[Round "5"]
[White "Phan, Nguyen Thai Bao"]
[Black "Lam, Duc Hai Nam"]
[Result "0-1"]
[WhiteElo "1956"]
[BlackElo "1939"]
[PlyCount "118"]
[EventDate "2018.07.07"]
[EventType "swiss"]
[EventRounds "9"]
[EventCountry "VIE"]
[SourceTitle "EXT 2019"]
[Source "ChessBase"]
[SourceDate "2018.10.10"]
[SourceVersion "1"]
[SourceVersionDate "2018.10.10"]
[SourceQuality "1"]

1. e4 c5 2. Nf3 d6 3. d4 cxd4 4. Qxd4 Nc6 5. Bb5 Bd7 6. Bxc6 Bxc6 7. 0-0 Nf6 8. Nc3 g6 9. Be3 Bg7 10. Qd3 Qc7 11. Rab1 0-0 12. Rfd1 a6 13. Nd5 Nxd5 14. exd5 Bd7 15. h3 Bf5 16. Qd2 Qxc2 17. Rbc1 Qxd2 18. Rxd2 Rac8 19. Re1 Rfe8 20. Bf4 Kf8 21. Nd4 Bd7 22. Nb3 Rc7 23. Re3 Rec8 24. Nd4 Rc4 25. Nb3 Rxf4 26. Na5 b6 27. Nb3 Rfc4 28. Rde2 e6 29. dxe6 Bxe6 30. Rf3 Kg8 31. Rd2 d5 32. Rfd3 Rc2 33. Nd4 Rxd2 34. Rxd2 Bxd4 35. Rxd4 Rc4 36. Rxc4 dxc4 37. a3 b5 38. Kf1 a5 39. Ke2 b4 40. axb4 axb4 41. Ke3 b3 42. Kd4 Kg7 43. f4 Kf6 44. Ke4 c3 45. bxc3 b2 46. g4 b1Q+ 47. Kd4 Qh1 48. g5+ Ke7 49. f5 Qd5+ 50. Ke3 Bxf5 51. c4 Qd3+ 52. Kf4 Qxc4+ 53. Kf3 Ke6 54. h4 Ke5 55. h5 Qd3+ 56. Kg2 Kf4 57. hxg6 Qd2+ 58. Kh1 Be4+ 59. Kg1 Qg2# 0-1

[Event "VIE-ch U09"]
[Site "Hai Phong"]
[Date "2018.07.07"]
[Round "1"]
[White "Nguyen, Thai Son"]
[Black "Lam, Duc Hai Nam"]
[Result "1-0"]
[WhiteElo "1965"]
[BlackElo "1939"]
[PlyCount "121"]
[EventDate "2018.07.07"]
[EventType "swiss"]
[EventRounds "9"]
[EventCountry "VIE"]
[SourceTitle "EXT 2019"]
[Source "ChessBase"]
[SourceDate "2018.10.10"]
[SourceVersion "1"]
[SourceVersionDate "2018.10.10"]
[SourceQuality "1"]

1. e4 c5 2. Nf3 d6 3. d4 cxd4 4. Qxd4 Nc6 5. Bb5 Bd7 6. Bxc6 Bxc6 7. Nc3 e5 8. Qd3 Nf6 9. Bg5 Be7 10. 0-0-0 Ng4 11. Bxe7 Qxe7 12. Rhf1 Rd8 13. h3 Nf6 14. Rfe1 0-0 15. g4 Ne8 16. h4 Nc7 17. Ng5 h6 18. Nf3 Ne6 19. Rh1 Nf4 20. Qe3 b5 21. g5 h5 22. Rdg1 g6 23. Ne2 Nxe2+ 24. Qxe2 Rfe8 25. Kb1 Qb7 26. Nd2 d5 27. exd5 Rxd5 28. Ne4 Rd4 29. Nf6+ Kf8 30. Nxe8 Bxh1 31. Qxe5 Qd5 32. Qh8+ Ke7 33. Re1+ Be4 34. Kc1 Rc4 35. c3 Qd3 36. Qe5+ Kf8 37. Qd6+ Kg8 38. Nf6+ Kg7 39. Nxe4 Qxd6 40. Nxd6 Rxh4 41. Nxb5 Ra4 42. a3 Ra5 43. c4 a6 44. b4 Ra4 45. Kb2 axb5 46. cxb5 Ra8 47. Kb3 f6 48. Re7+ Kf8 49. gxf6 Rb8 50. a4 Rb6 51. Re3 Rxf6 52. a5 g5 53. b6 Kg7 54. b7 Rf8 55. a6 g4 56. a7 h4 57. b8Q Rf7 58. a8Q h3 59. Qg8+ Kf6 60. Qad8+ Kf5 61. Qgg5# 1-0